<?xml version="1.0" encoding="UTF-8"?>
<record
    xmlns:xsi="http://www.w3.org/2001/XMLSchema-instance"
    xsi:schemaLocation="http://www.loc.gov/MARC21/slim http://www.loc.gov/standards/marcxml/schema/MARC21slim.xsd"
    xmlns="http://www.loc.gov/MARC21/slim">

  <leader>00653nam a2200217Ia 4500</leader>
  <controlfield tag="001">15067</controlfield>
  <controlfield tag="003">GE_BSU</controlfield>
  <controlfield tag="008">181216s||||||||xx |||||||||||||| ||und||</controlfield>
  <datafield tag="040" ind1=" " ind2=" ">
    <subfield code="c">GE_BSU</subfield>
  </datafield>
  <datafield tag="080" ind1=" " ind2=" ">
    <subfield code="a">511</subfield>
  </datafield>
  <datafield tag="100" ind1=" " ind2=" ">
    <subfield code="a">&#x412;&#x435;&#x439;&#x43B;&#x44C;,&#x410;&#x43D;&#x434;&#x440;&#x435;</subfield>
  </datafield>
  <datafield tag="245" ind1=" " ind2=" ">
    <subfield code="a">&#x41E;&#x441;&#x43D;&#x43E;&#x432;&#x44B; &#x442;&#x435;&#x43E;&#x440;&#x438;&#x438; &#x447;&#x438;&#x441;&#x435;&#x43B;</subfield>
  </datafield>
  <datafield tag="245" ind1=" " ind2=" ">
    <subfield code="c">&#x41F;&#x43E;&#x434;.&#x440;&#x435;&#x434;.&#x418;.&#x418;.&#x41F;&#x44F;&#x442;&#x435;&#x446;&#x43A;&#x43E;&#x433;&#x43E;-&#x428;&#x430;&#x43F;&#x438;&#x440;&#x43E;. &#x41F;&#x435;&#x440;. &#x441; &#x430;&#x43D;&#x433;&#x43B;. &#x41B;.&#x41D;.&#x412;&#x430;&#x441;&#x441;&#x435;&#x440;&#x448;&#x442;&#x435;&#x439;&#x43D;&#x430; &#x438; &#x410;.&#x41D;.&#x41F;&#x430;&#x440;&#x448;&#x438;&#x43D;&#x430;</subfield>
  </datafield>
  <datafield tag="260" ind1=" " ind2=" ">
    <subfield code="a">&#x41C;&#x43E;&#x441;&#x43A;&#x432;&#x430;</subfield>
  </datafield>
  <datafield tag="260" ind1=" " ind2=" ">
    <subfield code="b">&#x41C;&#x438;&#x440;</subfield>
  </datafield>
  <datafield tag="260" ind1=" " ind2=" ">
    <subfield code="c">1972</subfield>
  </datafield>
  <datafield tag="300" ind1=" " ind2=" ">
    <subfield code="a">408&#x441;&#x442;&#x440;.22&#x441;&#x43C;.</subfield>
  </datafield>
  <datafield tag="300" ind1=" " ind2=" ">
    <subfield code="e">&#x423;&#x43A;&#x430;&#x437;&#x430;&#x442;&#x435;&#x43B;&#x44C; &#x441;&#x442;&#x440;.403-405</subfield>
  </datafield>
  <datafield tag="653" ind1=" " ind2=" ">
    <subfield code="a">&#x41E;&#x441;&#x43D;&#x43E;&#x432;&#x44B; &#x442;&#x435;&#x43E;&#x440;&#x438;&#x438; &#x447;&#x438;&#x441;&#x435;&#x43B;</subfield>
  </datafield>
  <datafield tag="942" ind1=" " ind2=" ">
    <subfield code="c">BK</subfield>
  </datafield>
  <datafield tag="999" ind1=" " ind2=" ">
    <subfield code="c">48185</subfield>
    <subfield code="d">48185</subfield>
  </datafield>
  <datafield tag="952" ind1=" " ind2=" ">
    <subfield code="0">0</subfield>
    <subfield code="1">0</subfield>
    <subfield code="4">0</subfield>
    <subfield code="7">0</subfield>
    <subfield code="9">63116</subfield>
    <subfield code="d">2018-12-17</subfield>
    <subfield code="p">15248</subfield>
    <subfield code="r">2018-12-17</subfield>
    <subfield code="w">2018-12-17</subfield>
    <subfield code="y">BK</subfield>
  </datafield>
  <datafield tag="952" ind1=" " ind2=" ">
    <subfield code="0">0</subfield>
    <subfield code="1">0</subfield>
    <subfield code="4">0</subfield>
    <subfield code="7">0</subfield>
    <subfield code="9">63117</subfield>
    <subfield code="d">2018-12-17</subfield>
    <subfield code="p">16833</subfield>
    <subfield code="r">2018-12-17</subfield>
    <subfield code="w">2018-12-17</subfield>
    <subfield code="y">BK</subfield>
  </datafield>
</record>
